<?xml version="1.0" encoding="UTF-8"?>
<marc:record xmlns:marc="http://www.loc.gov/MARC21/slim">
   <marc:leader>00000nam a2200000 a 4500</marc:leader>
   <marc:datafield ind1="1" ind2=" " tag="100">
      <marc:subfield code="a">Schellhammer, Silke</marc:subfield>
      <marc:subfield code="4">aut</marc:subfield>
      <marc:subfield code="e">Verfasser/-in</marc:subfield>
   </marc:datafield>
   <marc:datafield ind1=" " ind2=" " tag="653">
      <marc:subfield code="a">Antolin</marc:subfield>
   </marc:datafield>
   <marc:datafield ind1=" " ind2=" " tag="653">
      <marc:subfield code="a">Klasse-5</marc:subfield>
   </marc:datafield>
   <marc:datafield ind1=" " ind2=" " tag="653">
      <marc:subfield code="a">Freunde</marc:subfield>
   </marc:datafield>
   <marc:datafield ind1=" " ind2=" " tag="653">
      <marc:subfield code="a">Experiment</marc:subfield>
   </marc:datafield>
   <marc:datafield ind1=" " ind2=" " tag="653">
      <marc:subfield code="a">Sternwarte</marc:subfield>
   </marc:datafield>
   <marc:datafield ind1=" " ind2=" " tag="653">
      <marc:subfield code="a">Raketenauto</marc:subfield>
   </marc:datafield>
   <marc:datafield ind1="0" ind2="0" tag="245">
      <marc:subfield code="a">Achtung, Alien!</marc:subfield>
   </marc:datafield>
   <marc:datafield ind1=" " ind2="1" tag="264">
      <marc:subfield code="b">Carlsen</marc:subfield>
      <marc:subfield code="c">2026</marc:subfield>
   </marc:datafield>
   <marc:datafield ind1="1" ind2=" " tag="490">
      <marc:subfield code="a">School of Talents Mission</marc:subfield>
   </marc:datafield>
   <marc:datafield ind1="1" ind2=" " tag="520">
      <marc:subfield code="a">Alva kann Tiere verstehen. Elwin verwandelt sich in Monster. Zusammen retten sie die Sternwarte!
Eine galaktisch spannende erste Mission für die Kids der SCHOOL OF TALENTS! Auf zur Sternwarte! Im Raketenauto geht es für Alva und Elwin los ins Abenteuer. Wie aufregend! Doch Alva wäre lieber mit Mala oder Till auf Mission gegangen, und außerdem stellt sich das Ferienprogramm als ziemlich öde heraus. Aus Langeweile verwandelt sich Elwin vor allen Kindern in ein Alien - dabei sollen ihre Talente ja geheim bleiben! Doch als das wichtige Experiment der netten Wissenschaftlerin Tanja schiefgeht, müssen Alva und Elwin zusammenhalten. Können sie das Ferienprogramm und den Ruf der Sternwarte retten?</marc:subfield>
   </marc:datafield>
   <marc:datafield ind1=" " ind2=" " tag="020">
      <marc:subfield code="a">9783551655172</marc:subfield>
      <marc:subfield code="9">9783551655172</marc:subfield>
   </marc:datafield>
</marc:record>
